01112 a2200217 4500003000500000005001700005010001600022020002200038020002100060040000900081082001600090100002100106245009300127260010100220300003400321440005100355505041400406650003500820700001700855700002200872Nust20220802175125.0 a 99159948 a0819426601 (SPIE) a0852969171 (IEE) cNust00a621.366,CAR1 aCarroll, John E.10aDistributed feedback semiconductor lasers /cJohn Carroll, James Whiteaway & Dick Plumb. aLondon, UK :bThe Institution of Electrical Engineers :bSPIE Optical Engineering Press,cc1998. axxv, 412 p. :bill. ;c25 cm. 0aIEE Circuits, devices and systems series ;v10 aThe Semi-Conductor Diode Laser (Page-1), Gain, Loose And Spontaneous Emission (Page-37), Principles Of Modeling Guided Waves (Page-76), Optical Energy Exchange In Guides (Page-97), Basic Principles Of Lasers With Distributed Feedback (Page-128), More Advanced Distributed Feedback Laser Design (Page-165), Numerical Modeling For DFB Lasers (Page-209), Future Devices, Modeling And Systems Analysis (Page-252). 0aTelecommunication Engineering.1 aPlumb, Dick.1 aWhiteaway, James.